00573nam a2200193 a 450000500170000000800410001701000140005802000260007202000230009803500130012103700150013404000180014908200110016710000220017824500540020026000500025427000450030430000300034920090623134444.0070515s2007 enka b 001 0 eng  aENG-94203 a9780070090255c275.00 a0070090254c275.00 aEN-77736 bDBAD / PUB adplbEnglish  a658.15 aVishwanath, S.R.  aCases in corporate finance /cby Vishwanat S. R.  aNew Delhi bTata McGraw-Hill Publishingc2009 a7 West Patel Nagar, bNew Delhi e110008 axviii, 303p. c25cm(pbk)